000 00706nam a2200253Ia 4500
003 OSt
005 20220925222951.0
006 a|||||r|||| 00| 0
007 ta
008 220923b |||||||| |||| 00| 0 eng d
020 _a0 415 003903
037 _cGeneral Book
040 _aRTL
_cRTL
_beng
041 _2eng
_aeng
082 _aX.58.N8, M8
100 _aWiniecki Jan
_9288686
245 0 _aDistorted world of Soviet type economies
260 _aLondon
_bRoutledege & Kegan Paul
_c1988
300 _axi,230p.
_ccm.
500 _aBibliography P 212-23
650 _aEconomic Condition Russia
942 _hX.58.N8, M8
_cGB
_2CC
999 _c578293
_d578293